[Event "Challenge"]
[Site "http://www.queenalice.com/game.php?id=1183629"]
[Date "2013.5.22"]
[Round "-"]
[White "magalhaes_br"]
[Black "don87"]
[Result "1-0"]
[WhiteElo "1295"]
[BlackElo "1179"]

1. e4 e5 2. Nf3 d6 3. Bc4 Nc6 4. d3 Bg4 5. h3 Bh5 6. g4 Bg6 7. Nh4 Qxh4 8. Be3
Nd4 9. Na3 Nf6 10. Kd2 a6 11. c3 Nf3+ 12. Qxf3 b5 13. Bb3 Nd7 14. c4 b4 15. Nc2
1-0

[Event "Challenge"]
[Site "http://www.queenalice.com/game.php?id=1198044"]
[Date "2013.7.8"]
[Round "-"]
[White "Rogerio11"]
[Black "don87"]
[Result "1/2-1/2"]
[WhiteElo "1294"]
[BlackElo "1193"]

1. e4 e5 2. Bc4 Qh4 3. g3 Qxe4+ 4. Ne2 Qxh1+ 5. Ng1 Qxg1+ 6. Ke2 Qxh2 7. d3 Qh5+
8. Kd2 Qh2 9. Qf3 Bb4+ 10. c3 Ba5 11. Qxf7+ Kd8 12. Qxg7 Qh6+ 13. Qxh6 Nxh6 14.
f4 exf4 15. gxf4 Rf8 16. b4 Bb6 17. d4 Rxf4 18. Kc2 d6 19. Bxf4 Bf5+ 20. Kb3 Ng4
21. Bg5+ Kd7 22. Bb5+ c6 23. Ba4 Nf2 24. Na3 Ne4 25. Bh6 Nd2+ 26. Kb2 a5 27. b5
cxb5 28. Bxb5+ Nc6 29. Nc4 Nxc4+ 30. Kc1 Na3 31. d5 Nxb5 32. c4 Nbd4 33. Rb1 Nb4
34. a3 Na2+ 35. Kb2 Bxb1 36. Kxb1 Nc3+ 37. Kb2 Nde2 38. Bg5 Rg8 39. a4 Rxg5 40.
Kc2 Rg2 41. Kb3 Bc5 42. Kb2 Nd1+ 43. Kc2 Ne3+ 44. Kb3 Nc1+ 45. Kc3 h5 1/2-1/2

[Event "Challenge"]
[Site "http://www.queenalice.com/game.php?id=1212537"]
[Date "2013.8.28"]
[Round "-"]
[White "SFA262925"]
[Black "don87"]
[Result "1-0"]
[WhiteElo "1804"]
[BlackElo "1189"]

1. d4 d5 2. f4 Bf5 3. Nd2 c6 4. e3 Qc8 5. b4 Qe6 6. Ndf3 Bg4 7. h3 Qh6 8. c3 Nf6
9. Be2 Ne4 10. Qa4 e6 11. Ne5 Ng3 12. Nxg4 Qg6 13. Ne5 Qh6 14. Ng4 Qg6 15. Rh2
Bd6 16. b5 O-O 17. b6 a6 18. Ba3 Ne4 19. Bd3 Qh5 20. Bxe4 Qh4+ 21. Kd2 h5 22.
Bxd6 Re8 23. Ne5 Qf2+ 24. Ne2 dxe4 25. Bxb8 Raxb8 26. Nxc6 Rbc8 27. Na5 Rf8 28.
Nxb7 Rb8 29. Qxa6 Qh4 30. Nc5 Qd8 31. Nxe4 Qxb6 32. Qxb6 Rxb6 33. Nc5 Rb2+ 34.
Kd3 Rfb8 35. a4 Re8 36. a5 Reb8 37. a6 Kf8 38. Nd7+ Ke7 39. Nxb8 Rxb8 40. a7 Rb5
41. a8=Q Rd5 42. Qh8 g6 43. c4 Rd6 44. c5 Rd5 45. c6 e5 46. Ra7+ Ke6 47. fxe5
Rb5 48. Kc4 Rb6 49. Qf6# 1-0